Online Catalogue and eLibrary

Returnee migrant women in two locations in Sri Lanka (Record no. 2694)

MARC details
000 -LEADER
fixed length control field 00446nam a2200157Ia 4500
005 - DATE AND TIME OF LATEST TRANSACTION
control field 20240503015719.0
008 - FIXED-LENGTH DATA ELEMENTS--GENERAL INFORMATION
fixed length control field 240331s9999 xx 000 0 und d
020 ## - INTERNATIONAL STANDARD BOOK NUMBER
ISBN 9558610100
082 ## - DDC Classification
Item Number - Author Mark JAY
Class No. 331.62
100 ## - MAIN ENTRY--PERSONAL NAME
Personal name Jayaweera, Swarna
245 #0 - TITLE STATEMENT
Title Returnee migrant women in two locations in Sri Lanka
Statement of responsibility, etc. Centre for Women's research
260 ## - PUBLICATION, DISTRIBUTION, ETC.
Place of publication, distribution, etc. Colombo
Name of publisher, distributor, etc. Centre for Women's research
Date of publication, distribution, etc. 2002
300 ## - PHYSICAL DESCRIPTION
Extent (e.g. Volumes, Pages etc.) 132 p .,
650 ## - SUBJECT ADDED ENTRY--TOPICAL TERM
Topical term or geographic name entry element women
942 ## - Koha item type (Biblio)
Koha item type Books in Stacks (Lending)
Holdings
Lost status Damaged status Collection code Home library Current library Shelving location Date acquired Full call number Accession Number Item type
    Lending WERC Library WERC Library Social Science Cupboard 03/31/2024 331.4 JAY 4869 Books in Stacks (Lending)

© WERC Library